[Event "XVII. DBMM Schach"]
[Site "Berlin"]
[Date "2017.11.02"]
[Round "2.2"]
[White "Brandes, Stephan"]
[Black "Bohne, Uwe"]
[Result "1/2-1/2"]
[WhiteElo "2166"]
[BlackElo "2032"]
[Annotator "br"]
[PlyCount "75"]
[EventDate "2017.??.??"]
[EventType "team-swiss"]
[EventRounds "7"]
[EventCountry "GER"]
[SourceTitle "XVII. DBMM 2017"]
[Source "FV Schach e.V."]
[SourceDate "2018.05.26"]
[SourceVersion "1"]
[SourceVersionDate "2018.05.26"]
[SourceQuality "1"]
[WhiteTeam "Deutsche Post Bonn II"]
[BlackTeam "Sparkassen-Vers. Stuttgart"]
[WhiteTeamCountry "GER"]
[BlackTeamCountry "GER"]

1. Nf3 c5 2. g3 Nc6 3. Bg2 g6 4. d4 cxd4 5. Nxd4 Bg7 6. Nxc6 dxc6 7. Qxd8+ Kxd8
8. O-O e5 9. a4 Be6 10. a5 Ne7 11. Nc3 Kc7 12. e4 b5 13. Be3 Nc8 14. f4 Nd6 15.
Bc5 Nb7 16. Bf2 Bc4 17. Rfd1 a6 18. Bb6+ Kc8 19. Bh3+ Kb8 20. Rd7 exf4 21. gxf4
Bf8 22. b3 Be6 23. Bxe6 fxe6 24. Rad1 Bc5+ 25. Kg2 Bxb6 26. axb6 Nc5 27. Re7 a5
$11 28. Rd6 a4 29. b4 a3 30. bxc5 a2 31. Nxa2 Rxa2 32. Rxc6 Rxc2+ 33. Kg3 Rc8
34. Rxc8+ Kxc8 35. Rc7+ Kb8 36. Re7 Rxc5 37. Rxe6 b4 38. Rd6 1/2-1/2

[Event "XVII. DBMM Schach"]
[Site "Berlin"]
[Date "2017.11.02"]
[Round "2.3"]
[White "Bischoff, Ulrich"]
[Black "Kutzner, Stephen"]
[Result "1/2-1/2"]
[WhiteElo "2072"]
[BlackElo "2086"]
[Annotator "br"]
[PlyCount "118"]
[EventDate "2017.??.??"]
[EventType "team-swiss"]
[EventRounds "7"]
[EventCountry "GER"]
[SourceTitle "XVII. DBMM 2017"]
[Source "FV Schach e.V."]
[SourceDate "2018.05.26"]
[SourceVersion "1"]
[SourceVersionDate "2018.05.26"]
[SourceQuality "1"]
[WhiteTeam "Sparkassen-Vers. Stuttgart"]
[BlackTeam "Deutsche Post Bonn II"]
[WhiteTeamCountry "GER"]
[BlackTeamCountry "GER"]

1. d4 Nf6 2. c4 g6 3. g3 c6 4. Bg2 d5 5. Nf3 Bg7 6. O-O O-O 7. b3 Ne4 8. Bb2
Nd7 9. Nfd2 Ndf6 10. f3 Ng5 11. e3 Bh3 12. Qe2 Qd7 13. Nc3 Rfe8 14. Rad1 Qe6
15. Rfe1 Bxg2 16. Qxg2 Nh3+ 17. Kh1 h5 18. e4 dxc4 19. bxc4 Red8 20. Nb3 a5 21.
d5 Qc8 22. e5 Ne8 23. e6 Ng5 24. f4 Nh7 25. exf7+ Kxf7 26. Qe2 Bf6 27. Ne4 Qg4
28. Bxf6 Qxe2 29. Rxe2 Nexf6 30. Rde1 Ng8 31. Nec5 a4 32. Nxb7 axb3 33. Nxd8+
Rxd8 34. dxc6 bxa2 35. Rxa2 Rc8 36. Ra6 Nf8 37. Rb6 Rc7 38. Re5 Ne6 39. Kg2 Nd4
40. Rd5 Ne6 41. Rd7 Nf6 42. Rxc7 Nxc7 43. Rb8 e6 44. Rb7 Nfe8 45. Kf3 Ke7 46.
c5 Kf6 47. Ke4 Nd5 48. Rd7 Nec7 49. h3 Nb5 50. g4 hxg4 51. hxg4 g5 52. fxg5+
Kxg5 53. Rxd5+ exd5+ 54. Kxd5 Kf6 55. g5+ Ke7 56. g6 Nc7+ 57. Ke5 Ne6 58. Kf5
Ng7+ 59. Kg5 Kd8 1/2-1/2

[Event "XVII. DBMM Schach"]
[Site "Berlin"]
[Date "2017.11.02"]
[Round "2.4"]
[White "Biedekoepper, Robert"]
[Black "Marten, Gero"]
[Result "1-0"]
[WhiteElo "1986"]
[BlackElo "2008"]
[Annotator "br"]
[PlyCount "111"]
[EventDate "2017.??.??"]
[EventType "team-swiss"]
[EventRounds "7"]
[EventCountry "GER"]
[SourceTitle "XVII. DBMM 2017"]
[Source "FV Schach e.V."]
[SourceDate "2018.05.26"]
[SourceVersion "1"]
[SourceVersionDate "2018.05.26"]
[SourceQuality "1"]
[WhiteTeam "Deutsche Post Bonn II"]
[BlackTeam "Sparkassen-Vers. Stuttgart"]
[WhiteTeamCountry "GER"]
[BlackTeamCountry "GER"]

1. d4 f5 2. c4 Nf6 3. g3 g6 4. Nc3 Bg7 5. Bg2 O-O 6. Nf3 d6 7. O-O c6 8. Rb1
Ne4 9. Qc2 Na6 10. Rd1 Nc7 11. d5 Nxc3 12. bxc3 c5 13. h4 f4 14. Ng5 fxg3 15.
fxg3 Bf5 16. Be4 Be5 17. Kg2 Rb8 18. Bxf5 gxf5 19. Rf1 Qd7 20. Rf3 e6 21. dxe6
Nxe6 22. Qd3 Nc7 23. Bf4 Qc6 24. Kh2 Rbe8 25. Rbf1 Qd7 26. Rd1 Rf6 $11 27. Rdf1
h6 28. Nh3 Qf7 29. Bd2 Rf8 30. Nf4 Kh8 31. Nd5 Nxd5 32. cxd5 f4 33. Bxf4 Bxf4
34. Rxf4 Qg7 35. Qe3 Kh7 36. c4 Rxf4 37. Rxf4 Rxf4 38. Qxf4 Qe7 39. Qf5+ Kg7
40. e4 a6 41. a4 Qe8 42. Qg4+ Kf6 43. Qf4+ Kg7 44. a5 Qa4 45. e5 dxe5 46. Qxe5+
Kh7 47. Qe4+ Kg7 48. d6 Qa2+ 49. Kh3 Qf2 50. Qxb7+ Kg6 51. Qe4+ Kg7 52. Qe7+
Kg6 53. Qe4+ Kg7 54. Qd3 h5 55. d7 Qe1 56. Kg2 1-0

[Event "XVII. DBMM Schach"]
[Site "Berlin"]
[Date "2017.11.02"]
[Round "2.1"]
[White "Schulz, Michael"]
[Black "Hohlfeld, Wolfgang"]
[Result "1-0"]
[WhiteElo "2204"]
[BlackElo "2070"]
[Annotator "ms"]
[PlyCount "115"]
[EventDate "2017.??.??"]
[EventType "team-swiss"]
[EventRounds "7"]
[EventCountry "GER"]
[SourceTitle "XVII. DBMM 2017"]
[Source "FV Schach e.V."]
[SourceDate "2018.05.26"]
[SourceVersion "1"]
[SourceVersionDate "2018.05.26"]
[SourceQuality "1"]
[WhiteTeam "SV Osram Berlin"]
[BlackTeam "Baubehoerde Hamburg"]
[WhiteTeamCountry "GER"]
[BlackTeamCountry "GER"]

1. d4 d5 2. Bg5 c6 3. Nd2 h6 4. Bh4 Qb6 5. e3 Bf5 6. Bd3 Bxd3 7. cxd3 e6 8.
Ngf3 Be7 9. Bxe7 Nxe7 10. O-O Nd7 11. Nb3 O-O 12. Qc2 Ng6 13. Nc5 Nxc5 14. dxc5
Qc7 15. g3 e5 16. b4 Qd7 17. d4 e4 18. Ne1 Qh3 19. f4 exf3 20. Rxf3 Rae8 21.
Ng2 Re4 22. Raf1 Qe6 23. a4 a6 24. Qb3 Qd7 25. b5 axb5 26. axb5 h5 27. bxc6
bxc6 28. h4 Qh3 29. Qb7 Qe6 30. Kh2 f5 31. Ra1 f4 32. gxf4 Rf7 33. Ra8+ Kh7 34.
Qc8 Qxc8 35. Rxc8 Rf6 36. Rg3 Ne7 37. Rc7 Rg6 38. Rg5 Rxg5 39. hxg5 Re6 40. Ra7
Nf5 41. Ra3 Kg6 42. Kh3 Kf7 43. Ra7+ Kg6 44. Ra3 Kf7 45. Rb3 Re7 46. Kh2 Kg6
47. Kg1 h4 48. Kh2 Kh5 49. Kh3 Ra7 50. Rb8 Ra1 51. Rh8+ Kg6 52. Nxh4+ Nxh4 53.
Rxh4 Re1 54. Kg4 Rxe3 55. Rh8 Re4 56. Rc8 Rxd4 57. Rxc6+ Kf7 58. Kf5 1-0

[Event "XVII. DBMM Schach"]
[Site "Berlin"]
[Date "2017.11.02"]
[Round "2.2"]
[White "Hein, Ralf"]
[Black "Rath, Alina"]
[Result "1/2-1/2"]
[WhiteElo "2045"]
[BlackElo "2089"]
[Annotator "br"]
[PlyCount "83"]
[EventDate "2017.??.??"]
[EventType "team-swiss"]
[EventRounds "7"]
[EventCountry "GER"]
[SourceTitle "XVII. DBMM 2017"]
[Source "FV Schach e.V."]
[SourceDate "2018.05.26"]
[SourceVersion "1"]
[SourceVersionDate "2018.05.26"]
[SourceQuality "1"]
[WhiteTeam "Baubehoerde Hamburg"]
[BlackTeam "SV Osram Berlin"]
[WhiteTeamCountry "GER"]
[BlackTeamCountry "GER"]

1. c4 c5 2. Nc3 Nc6 3. g3 g6 4. Bg2 Bg7 5. d3 e5 6. e4 Nge7 7. Nge2 O-O 8. O-O
d6 9. a3 Be6 10. h3 Qd7 11. Kh2 f5 12. f4 Nd4 13. Nxd4 cxd4 14. Ne2 fxe4 15.
Bxe4 Bxh3 16. Rf2 Be6 17. Qh1 d5 18. cxd5 Bxd5 19. Bd2 Bxe4 20. Qxe4 Nd5 21.
Raf1 Nf6 22. Qg2 Ng4+ 23. Kg1 Nxf2 24. Rxf2 Rac8 25. Bb4 Rf7 26. g4 exf4 27.
Rxf4 Rxf4 28. Nxf4 Rc1+ 29. Kh2 Be5 30. Qe4 Qc7 31. Kh3 Rc2 32. Qd5+ Kh8 33.
Qe6 Qb8 34. Be7 Bg7 35. Bf6 Rc6 36. Bxg7+ Kxg7 37. Qe7+ Kh8 38. Ne6 Rxe6 39.
Qxe6 Qf4 40. Qc8+ Kg7 41. Qxb7+ Kh6 42. Qg2 1/2-1/2

[Event "XVII. DBMM Schach"]
[Site "Berlin"]
[Date "2017.11.02"]
[Round "2.3"]
[White "Gebert Vangeel, Ralf"]
[Black "Buchholz, Robert"]
[Result "1-0"]
[WhiteElo "2035"]
[BlackElo "1961"]
[Annotator "rgv"]
[PlyCount "53"]
[EventDate "2017.??.??"]
[EventType "team-swiss"]
[EventRounds "7"]
[EventCountry "GER"]
[SourceTitle "XVII. DBMM 2017"]
[Source "FV Schach e.V."]
[SourceDate "2018.05.26"]
[SourceVersion "1"]
[SourceVersionDate "2018.05.26"]
[SourceQuality "1"]
[WhiteTeam "SV Osram Berlin"]
[BlackTeam "Baubehoerde Hamburg"]
[WhiteTeamCountry "GER"]
[BlackTeamCountry "GER"]

1. e4 d5 2. exd5 Nf6 3. Nf3 Nxd5 4. d4 Bg4 5. Be2 e6 6. O-O Nc6 7. c3 Be7 8.
Nbd2 O-O 9. Nc4 Nb6 10. Ne3 Bh5 11. a4 a5 12. Qb3 Rb8 13. Rd1 Nd5 14. Nf1 Bd6
15. c4 Nf4 16. Bxf4 Bxf4 17. d5 Nb4 18. dxe6 Qf6 19. e7 Rfe8 20. Nd4 Bxe2 21.
Nxe2 Be5 22. Rab1 Rxe7 23. Ne3 Rbe8 24. Nc3 c6 25. Ng4 Qf5 26. Ne3 Bf4 27. Nxf5
1-0

[Event "XVII. DBMM Schach"]
[Site "Berlin"]
[Date "2017.11.02"]
[Round "2.4"]
[White "Kaliski, Achim"]
[Black "Eisermann, Daniel"]
[Result "0-1"]
[WhiteElo "1947"]
[BlackElo "1937"]
[Annotator "br"]
[PlyCount "122"]
[EventDate "2017.??.??"]
[EventType "team-swiss"]
[EventRounds "7"]
[EventCountry "GER"]
[SourceTitle "XVII. DBMM 2017"]
[Source "FV Schach e.V."]
[SourceDate "2018.05.26"]
[SourceVersion "1"]
[SourceVersionDate "2018.05.26"]
[SourceQuality "1"]
[WhiteTeam "Baubehoerde Hamburg"]
[BlackTeam "SV Osram Berlin"]
[WhiteTeamCountry "GER"]
[BlackTeamCountry "GER"]

1. e4 e5 2. Nc3 Nf6 3. d4 exd4 4. Qxd4 Nc6 5. Qa4 Bc5 6. Be2 h6 7. Nf3 d6 8. e5
Ng4 9. O-O Ngxe5 10. Nxe5 dxe5 11. Rd1 Bd6 12. Be3 O-O 13. Bc5 Nd4 14. Bxd4
exd4 15. Qxd4 Be6 16. Nb5 Qg5 17. Nxd6 Rfd8 18. Ne4 Rxd4 19. Nxg5 Rxd1+ 20.
Rxd1 hxg5 21. h3 Kf8 22. Bg4 f5 23. Bf3 c6 24. b3 Ke7 25. Kf1 Rc8 26. Ke2 b6
27. c3 Rc7 28. Rd3 c5 29. c4 Kf6 30. Bd5 Bc8 31. Kf3 Re7 32. Re3 Rxe3+ 33. Kxe3
f4+ 34. Kd3 Bf5+ 35. Be4 f3 36. g4 Bd7 37. Ke3 Ke5 $11 38. Bxf3 a5 39. Be4 a4
40. Bc2 a3 41. f3 Bc6 42. Bd3 Bd7 43. Be4 Be8 44. h4 gxh4 45. f4+ Kd6 46. g5
Bh5 47. Kd2 Bg4 48. Ke3 Bd1 49. Bb1 Bg4 50. f5 Ke5 51. f6 gxf6 52. g6 Be6 53.
g7 f5 54. Bd3 Kf6 55. Bf1 Kxg7 56. Kf4 Kf6 57. Bh3 Bd7 58. Bf1 Bc6 59. Bh3 Bd7
60. Bf1 Bc6 61. Bh3 Be4 0-1

[Event "XVII. DBMM Schach"]
[Site "Berlin"]
[Date "2017.11.02"]
[Round "2.1"]
[White "Seger, Ruediger"]
[Black "Gempe, Thomas"]
[Result "1/2-1/2"]
[WhiteElo "2342"]
[BlackElo "2196"]
[Annotator "br"]
[PlyCount "107"]
[EventDate "2017.??.??"]
[EventType "team-swiss"]
[EventRounds "7"]
[EventCountry "GER"]
[SourceTitle "XVII. DBMM 2017"]
[Source "FV Schach e.V."]
[SourceDate "2018.05.26"]
[SourceVersion "1"]
[SourceVersionDate "2018.05.26"]
[SourceQuality "1"]
[WhiteTeam "Deutsche Post Bonn"]
[BlackTeam "ADAC Muenchen"]
[WhiteTeamCountry "GER"]
[BlackTeamCountry "GER"]

1. e4 c5 2. c3 d5 3. exd5 Nf6 4. Bb5+ Nbd7 5. c4 a6 6. Bxd7+ Bxd7 7. Nf3 e6 8.
O-O exd5 9. Re1+ Be7 10. d3 O-O 11. Bg5 Bg4 12. h3 Be6 13. Nbd2 h6 14. Bh4 b5
15. Ne5 bxc4 16. dxc4 d4 17. Nc6 Qd7 18. Nxe7+ Qxe7 19. Qf3 g5 20. Bg3 Rfd8 21.
Qa3 a5 22. f4 Qa7 23. fxg5 hxg5 24. Re5 Nh7 25. Rxc5 Rdc8 26. Rxc8+ Rxc8 27.
Qd3 Qc5 28. Bf2 Bxc4 29. Nxc4 Qxc4 30. Qxd4 Qxd4 31. Bxd4 a4 32. Re1 Nf8 33.
Bf6 Ne6 34. Re4 a3 35. bxa3 Kh7 36. Re2 Kg6 37. Bb2 Rc4 38. Kf1 Nc5 39. Rd2 Ne4
40. Rd4 Ng3+ 41. Ke1 Rc2 42. Rd2 Rc6 43. a4 Ne4 44. Rd4 f5 45. a5 Rc2 46. Rb4
Nc5 47. Rb6+ Kf7 48. Bd4 Nd3+ 49. Kd1 Rxa2 50. Rf6+ Ke7 51. Rxf5 Ra4 52. Be3 g4
53. h4 Ke6 54. Rg5 {Rest unleserlich.} 1/2-1/2

[Event "XVII. DBMM Schach"]
[Site "Berlin"]
[Date "2017.11.02"]
[Round "2.3"]
[White "Gikas, Andreas Basilius"]
[Black "Gempe, Anet"]
[Result "1-0"]
[WhiteElo "2191"]
[BlackElo "1997"]
[Annotator "br"]
[PlyCount "67"]
[EventDate "2017.??.??"]
[EventType "team-swiss"]
[EventRounds "7"]
[EventCountry "GER"]
[SourceTitle "XVII. DBMM 2017"]
[Source "FV Schach e.V."]
[SourceDate "2018.05.26"]
[SourceVersion "1"]
[SourceVersionDate "2018.05.26"]
[SourceQuality "1"]
[WhiteTeam "Deutsche Post Bonn"]
[BlackTeam "ADAC Muenchen"]
[WhiteTeamCountry "GER"]
[BlackTeamCountry "GER"]

1. e4 e6 2. d4 d5 3. Nc3 Nf6 4. Bg5 Be7 5. e5 Nfd7 6. Bxe7 Qxe7 7. f4 O-O 8.
Nf3 c5 9. Bd3 f6 10. dxc5 Nc6 11. exf6 Nxf6 12. Qd2 Qxc5 13. O-O-O a6 14. Rde1
Bd7 15. Ne5 Nxe5 16. Rxe5 Qa7 17. Qe2 b5 18. g4 b4 19. Nd1 Qd4 20. Rf1 g6 21.
h4 Rac8 22. Kb1 a5 23. Ne3 a4 24. h5 a3 25. c3 bxc3 26. Nc2 Qb6 27. b3 Kg7 28.
hxg6 hxg6 29. Rg5 Ne4 30. Bxe4 dxe4 31. Qxe4 Rf6 32. Qe5 Ba4 33. f5 Bxb3 34.
Rxg6+ 1-0

[Event "XVII. DBMM Schach"]
[Site "Berlin"]
[Date "2017.11.02"]
[Round "2.4"]
[White "Baudrexel, Peter"]
[Black "Lunnebach, Oliver"]
[Result "0-1"]
[WhiteElo "1825"]
[BlackElo "2086"]
[Annotator "br"]
[PlyCount "56"]
[EventDate "2017.??.??"]
[EventType "team-swiss"]
[EventRounds "7"]
[EventCountry "GER"]
[SourceTitle "XVII. DBMM 2017"]
[Source "FV Schach e.V."]
[SourceDate "2018.05.26"]
[SourceVersion "1"]
[SourceVersionDate "2018.05.26"]
[SourceQuality "1"]
[WhiteTeam "ADAC Muenchen"]
[BlackTeam "Deutsche Post Bonn"]
[WhiteTeamCountry "GER"]
[BlackTeamCountry "GER"]

1. Nf3 Nf6 2. d4 e6 3. Bg5 d5 4. e3 Nbd7 5. Bd3 Be7 6. Nbd2 c6 7. c3 h6 8. Bh4
b6 9. O-O O-O 10. Ne5 Nxe5 11. dxe5 Nd7 12. Bxe7 Qxe7 13. f4 Nc5 14. Nb3 Nxd3
15. Qxd3 c5 16. Qe2 a5 17. Qh5 Ba6 18. Rf3 Be2 19. Kf2 Bxf3 20. gxf3 f6 21. Rg1
fxe5 22. fxe5 Qf7 23. Qg4 Ra7 24. f4 Qf5 25. Nd2 Qxe5 26. Qh3 d4 27. Nc4 dxe3+
28. Qxe3 Qxf4+ 0-1

[Event "XVII. DBMM Schach"]
[Site "Berlin"]
[Date "2017.11.02"]
[Round "2.1"]
[White "Feikes, Joerg"]
[Black "Koscielski, Janusz"]
[Result "0-1"]
[WhiteElo "1971"]
[BlackElo "2337"]
[Annotator "br"]
[PlyCount "86"]
[EventDate "2017.??.??"]
[EventType "team-swiss"]
[EventRounds "7"]
[EventCountry "GER"]
[SourceTitle "XVII. DBMM 2017"]
[Source "FV Schach e.V."]
[SourceDate "2018.05.26"]
[SourceVersion "1"]
[SourceVersionDate "2018.05.26"]
[SourceQuality "1"]
[WhiteTeam "BA Tempelhof Berlin II"]
[BlackTeam "EKJ Herne und Wanne-Eickel"]
[WhiteTeamCountry "GER"]
[BlackTeamCountry "GER"]

1. e4 c5 2. Nc3 a6 3. g3 b5 4. Bg2 Bb7 5. a3 e6 6. Nh3 Nf6 7. d3 d6 8. O-O Nc6
9. f4 Be7 10. f5 e5 11. Bg5 Nb8 12. Qe2 Nbd7 13. Bd2 h6 14. Nf2 Rc8 15. Nfd1 c4
16. dxc4 Rxc4 17. Ne3 Rc8 18. Rad1 Nc5 19. Ng4 Ncd7 20. Ne3 Qc7 21. Bc1 Nb6 22.
Rf2 h5 23. h3 Qb8 24. Ned5 Nbxd5 25. Nxd5 Bxd5 26. exd5 Bd8 27. Be3 Bb6 28. Rd3
Qa7 29. Bxb6 Qxb6 30. Qe3 Qxe3 31. Rxe3 Ke7 32. Rd2 Rc5 33. Kf1 Rhc8 34. c3 Nd7
35. g4 Nb6 36. Red3 e4 37. Bxe4 hxg4 38. hxg4 Rh8 39. Kg2 Kf6 40. b3 Rcc8 41.
Rd1 Kg5 42. Rh3 Rxh3 43. Kxh3 Rxc3+ 0-1

[Event "XVII. DBMM Schach"]
[Site "Berlin"]
[Date "2017.11.02"]
[Round "2.2"]
[White "Hortolani, Sven Holger"]
[Black "Schmidt, Joerg"]
[Result "1-0"]
[WhiteElo "2149"]
[BlackElo "1781"]
[Annotator "br"]
[PlyCount "65"]
[EventDate "2017.??.??"]
[EventType "team-swiss"]
[EventRounds "7"]
[EventCountry "GER"]
[SourceTitle "XVII. DBMM 2017"]
[Source "FV Schach e.V."]
[SourceDate "2018.05.26"]
[SourceVersion "1"]
[SourceVersionDate "2018.05.26"]
[SourceQuality "1"]
[WhiteTeam "EKJ Herne und Wanne-Eickel"]
[BlackTeam "BA Tempelhof Berlin II"]
[WhiteTeamCountry "GER"]
[BlackTeamCountry "GER"]

1. Nf3 d5 2. g3 g6 3. Bg2 Bg7 4. d4 Nf6 5. c4 c6 6. cxd5 cxd5 7. Nc3 O-O 8. O-O
Nc6 9. Ne5 e6 10. f4 a6 11. e3 Nd7 12. Bd2 f6 13. Nd3 b5 14. Nxd5 Bb7 15. Nc3
Qb6 16. Ne2 Ne7 17. Bxb7 Qxb7 18. Qb3 Qb6 19. Bb4 Rfe8 20. Bxe7 Rxe7 21. Rac1
Kh8 22. Nc5 Rae8 23. Rfd1 a5 24. Nxd7 Rxd7 25. Rc5 Rb7 26. Rdc1 a4 27. Qd3 Bf8
28. Rc6 Qd8 29. Nc3 Qb8 30. Ne4 Kg7 31. d5 Rd7 32. Qc3 Qd8 33. Rc8 1-0

[Event "XVII. DBMM Schach"]
[Site "Berlin"]
[Date "2017.11.02"]
[Round "2.3"]
[White "Thomas, Andreas"]
[Black "Leveikina, Jevgenija"]
[Result "0-1"]
[WhiteElo "1852"]
[BlackElo "2099"]
[Annotator "br"]
[PlyCount "84"]
[EventDate "2017.??.??"]
[EventType "team-swiss"]
[EventRounds "7"]
[EventCountry "GER"]
[SourceTitle "XVII. DBMM 2017"]
[Source "FV Schach e.V."]
[SourceDate "2018.05.26"]
[SourceVersion "1"]
[SourceVersionDate "2018.05.26"]
[SourceQuality "1"]
[WhiteTeam "BA Tempelhof Berlin II"]
[BlackTeam "EKJ Herne und Wanne-Eickel"]
[WhiteTeamCountry "GER"]
[BlackTeamCountry "GER"]

1. e4 c6 2. d4 d5 3. Nd2 dxe4 4. Nxe4 Bf5 5. Ng3 Bg6 6. h4 h6 7. h5 Bh7 8. Nf3
e6 9. Bd3 Bxd3 10. Qxd3 Nf6 11. Bd2 c5 12. Qb5+ Qd7 13. a4 a6 14. Qxd7+ Nbxd7
15. c3 Be7 16. a5 O-O 17. Ne5 Rfd8 18. Be3 Nd5 19. Ne4 cxd4 20. Bxd4 Nf4 21. g3
Nxe5 22. gxf4 Nf3+ 23. Ke2 Nxd4+ 24. cxd4 Rxd4 25. f3 Rad8 26. Rhd1 Rxd1 27.
Rxd1 Rxd1 28. Kxd1 Bb4 29. Kc2 f5 30. Nf2 Bxa5 31. Nd3 Bb6 32. Ne5 Bc7 33. Ng6
Bd6 34. Kd3 Kf7 35. Kd4 Kf6 36. b3 Bxf4 37. Nxf4 e5+ 38. Kc5 exf4 39. Kb6 g5
40. hxg6 h5 41. Kxb7 h4 42. Kxa6 h3 0-1

[Event "XVII. DBMM Schach"]
[Site "Berlin"]
[Date "2017.11.02"]
[Round "2.4"]
[White "Selmanaj, Agim"]
[Black "Baranowsky, Peter"]
[Result "0-1"]
[WhiteElo "1643"]
[BlackElo "1878"]
[Annotator "br"]
[PlyCount "106"]
[EventDate "2017.??.??"]
[EventType "team-swiss"]
[EventRounds "7"]
[EventCountry "GER"]
[SourceTitle "XVII. DBMM 2017"]
[Source "FV Schach e.V."]
[SourceDate "2018.05.26"]
[SourceVersion "1"]
[SourceVersionDate "2018.05.26"]
[SourceQuality "1"]
[WhiteTeam "EKJ Herne und Wanne-Eickel"]
[BlackTeam "BA Tempelhof Berlin II"]
[WhiteTeamCountry "GER"]
[BlackTeamCountry "GER"]

1. e4 d6 2. Bc4 Nf6 3. d3 g6 4. Nc3 c6 5. a3 Bg7 6. Nge2 e5 7. O-O O-O 8. h3 b5
9. Ba2 a5 10. Ng3 Be6 11. Be3 Qd7 12. Kh2 Na6 13. Qd2 Rfe8 14. Bxe6 Qxe6 15.
Nce2 d5 16. Bh6 dxe4 17. Bxg7 exd3 18. Bxf6 dxe2 19. Qh6 Qxf6 20. Nxe2 e4 21.
c3 Nc5 22. f4 exf3 23. Rxf3 Qd6+ 24. Ng3 Ne4 25. Raf1 Nxg3 26. Rxg3 Ra7 27. h4
Re5 28. Rff3 Rd7 29. Rd3 Rd5 30. Rxd5 Qxd5 31. h5 Qe5 32. hxg6 fxg6 33. Qe3
Qxe3 34. Rxe3 Kf7 35. Re2 Rd3 36. g3 h5 37. Kg2 Kf6 38. Kh3 g5 39. Kg2 Kf5 40.
Kh2 Kg4 41. c4 bxc4 42. Re4+ Kf3 43. Rxc4 Rd2+ 44. Kh3 g4+ 45. Kh4 Rh2+ 46. Kg5
Kxg3 47. Rxc6 Rxb2 48. Rc3+ Kh2 49. Kxh5 g3 50. Kg4 Rd2 51. Rc5 g2 52. Rh5+ Kg1
53. Rxa5 Kf1 0-1

[Event "XVII. DBMM Schach"]
[Site "Berlin"]
[Date "2017.11.02"]
[Round "2.1"]
[White "Hufnagel, Markus"]
[Black "Humke, Andreas"]
[Result "1/2-1/2"]
[WhiteElo "1693"]
[BlackElo "1961"]
[Annotator "br"]
[PlyCount "47"]
[EventDate "2017.??.??"]
[EventType "team-swiss"]
[EventRounds "7"]
[EventCountry "GER"]
[SourceTitle "XVII. DBMM 2017"]
[Source "FV Schach e.V."]
[SourceDate "2018.05.26"]
[SourceVersion "1"]
[SourceVersionDate "2018.05.26"]
[SourceQuality "1"]
[WhiteTeam "Deutsche Bahn Oberhausen"]
[BlackTeam "Gardez Robe Berlin"]
[WhiteTeamCountry "GER"]
[BlackTeamCountry "GER"]

1. c4 c5 2. Nc3 Nc6 3. g3 e5 4. Bg2 g6 5. e4 Bg7 6. d3 Nge7 7. Nge2 O-O 8. O-O
d6 9. Be3 f5 10. f4 Nd4 11. Qd2 Be6 12. Rab1 Rb8 13. b4 b6 14. a3 Qd7 15. Nd5
Bxd5 16. exd5 Qa4 17. Nc3 Qxa3 18. Bxd4 exd4 19. Nb5 Qa6 20. Ra1 Qc8 21. Rxa7
Qd8 22. Nc7 Nc8 23. Ne6 Nxa7 24. Nxd8 1/2-1/2

[Event "XVII. DBMM Schach"]
[Site "Berlin"]
[Date "2017.11.02"]
[Round "2.2"]
[White "Hoffmann, Michael"]
[Black "Grunwald, Guenther"]
[Result "1-0"]
[WhiteElo "1949"]
[BlackElo "1611"]
[Annotator "br"]
[PlyCount "23"]
[EventDate "2017.??.??"]
[EventType "team-swiss"]
[EventRounds "7"]
[EventCountry "GER"]
[SourceTitle "XVII. DBMM 2017"]
[Source "FV Schach e.V."]
[SourceDate "2018.05.26"]
[SourceVersion "1"]
[SourceVersionDate "2018.05.26"]
[SourceQuality "1"]
[WhiteTeam "Gardez Robe Berlin"]
[BlackTeam "Deutsche Bahn Oberhausen"]
[WhiteTeamCountry "GER"]
[BlackTeamCountry "GER"]

1. d4 d5 2. Nf3 Nf6 3. e3 e6 4. Bd3 c5 5. c3 Nc6 6. Nbd2 a6 7. O-O b5 8. Qe2 c4
9. Bc2 Be7 10. e4 dxe4 11. Nxe4 O-O 12. Nxf6+ 1-0

[Event "XVII. DBMM Schach"]
[Site "Berlin"]
[Date "2017.11.02"]
[Round "2.3"]
[White "Holdsch, Peter Michael"]
[Black "Hankow, Bert Juergen"]
[Result "0-1"]
[WhiteElo "1628"]
[BlackElo "2018"]
[Annotator "br"]
[PlyCount "76"]
[EventDate "2017.??.??"]
[EventType "team-swiss"]
[EventRounds "7"]
[EventCountry "GER"]
[SourceTitle "XVII. DBMM 2017"]
[Source "FV Schach e.V."]
[SourceDate "2018.05.26"]
[SourceVersion "1"]
[SourceVersionDate "2018.05.26"]
[SourceQuality "1"]
[WhiteTeam "Deutsche Bahn Oberhausen"]
[BlackTeam "Gardez Robe Berlin"]
[WhiteTeamCountry "GER"]
[BlackTeamCountry "GER"]

1. d4 Nf6 2. Nf3 d5 3. Nc3 g6 4. Ne5 Bg7 5. Bg5 Nbd7 6. e3 c6 7. Be2 O-O 8. f4
Re8 9. Bh4 Nf8 10. Bf3 Qb6 11. Na4 Qa5+ 12. c3 Bf5 13. b4 Qc7 14. O-O Ne4 15.
Bxe4 Bxe4 16. Nc5 Bf5 17. g4 Bc8 18. f5 Bxe5 19. dxe5 Qxe5 20. Qd3 b6 21. Bg3
Qg7 22. Nb3 a5 23. Rf2 Ba6 24. Qc2 axb4 25. cxb4 Bc4 26. Re1 Ra7 27. e4 Bxb3
28. Qxb3 Qd4 29. exd5 Qxd5 $11 30. Qb1 Rea8 31. Re5 Qd4 32. Re4 Qd5 33. fxg6
Nxg6 34. Ree2 Ra4 35. Rf5 Qd4+ 36. Kf1 Rxb4 37. Qc1 Qxg4 38. Rg5 Qf3+ 0-1

[Event "XVII. DBMM Schach"]
[Site "Berlin"]
[Date "2017.11.02"]
[Round "2.1"]
[White "Bladt, Friedhelm"]
[Black "Neander, Swen"]
[Result "1/2-1/2"]
[WhiteElo "2018"]
[BlackElo "2022"]
[Annotator "br"]
[PlyCount "43"]
[EventDate "2017.??.??"]
[EventType "team-swiss"]
[EventRounds "7"]
[EventCountry "GER"]
[SourceTitle "XVII. DBMM 2017"]
[Source "FV Schach e.V."]
[SourceDate "2018.05.26"]
[SourceVersion "1"]
[SourceVersionDate "2018.05.26"]
[SourceQuality "1"]
[WhiteTeam "SG Bayer Berlin"]
[BlackTeam "SV Rapid Unilever Hamburg"]
[WhiteTeamCountry "GER"]
[BlackTeamCountry "GER"]

1. e4 e6 2. Nc3 d5 3. Nf3 Bb4 4. a3 Bxc3 5. dxc3 Ne7 6. e5 Nd7 7. Bf4 c5 8. Qd2
O-O 9. O-O-O c4 10. h4 Nc6 11. Qe3 f6 12. exf6 Nxf6 13. g3 Qb6 14. Qxb6 axb6
15. Bh3 Ne4 16. Rh2 Bd7 17. Nd2 Nf6 18. Re1 Rae8 19. f3 e5 20. Bxd7 Nxd7 21.
Rhe2 Rf7 22. Kd1 1/2-1/2